Afriques : Entre puissance et vulnérabilité (notice n° 1566699)
[ vue normale ]
| 000 -LEADER | |
|---|---|
| fixed length control field | 01198cam a2200133 4500500 |
| 005 - DATE AND TIME OF LATEST TRANSACTION | |
| control field | 20251214002030.0 |
| 041 ## - LANGUAGE CODE | |
| Language code of text/sound track or separate title | fre |
| 042 ## - AUTHENTICATION CODE | |
| Authentication code | dc |
| 100 10 - MAIN ENTRY--PERSONAL NAME | |
| Personal name | Hugon, Philippe |
| Relator term | author |
| 245 00 - TITLE STATEMENT | |
| Title | Afriques : Entre puissance et vulnérabilité |
| 260 ## - PUBLICATION, DISTRIBUTION, ETC. | |
| Name of publisher, distributor, etc. | Armand Colin,<br/> |
| Date of publication, distribution, etc. | 2016.<br/> |
| 520 ## - SUMMARY, ETC. | |
| Summary, etc. | Continent marqué par les cicatrices de l’histoire, les représentations dominantes sur l’Afrique oscillent entre celles souvent négatives des médias (guerres, famines, coups d’état militaires, réfugiés…) et celles des financiers qui y voient une nouvelle frontière de l’économie mondiale. Cet ouvrage fournit toutes les clés de compréhension de ces Afriques en pleine mutation. Il présente les opportunités, les risques et les défis auxquels sont confrontées les nouvelles générations. Il intègre les derniers sujets d’actualité politique, les évolutions des économies, les questions liées au développement durable. L’Afrique est un continent pluriel, doté de nombreuses ressources et dont le développement sera l’un des grands enjeux géopolitiques de demain. |
| 856 41 - ELECTRONIC LOCATION AND ACCESS | |
| Uniform Resource Identifier | <a href="https://shs.cairn.info/afriques--9782200615062?lang=fr&redirect-ssocas=7080">https://shs.cairn.info/afriques--9782200615062?lang=fr&redirect-ssocas=7080</a> |
Pas d'exemplaire disponible.




Réseaux sociaux